Conocimiento sobre la sexualidad y el embarazo que manejan las adolescentes embarazadas que asisten al Instituto Profesional de Educación Especial y Psicoterapia de la ciudad de Santiago. Año 2004. (Record no. 3312)
[ view plain ]
| 000 -LEADER | |
|---|---|
| campo de control de longitud fija | 02938nam a2200529Ia 4500 |
| 001 - NÚMERO DE CONTROL | |
| campo de control | 3534 |
| 008 - DATOS DE LONGITUD FIJA--INFORMACIÓN GENERAL | |
| campo de control de longitud fija | 241029s9999 xx 000 0 und d |
| 010 ## - NÚMERO DE CONTROL DE LA BIBLIOTECA DEL CONGRESO | |
| Número de control de LC | 3312 |
| 041 ## - CÓDIGO DE IDIOMA | |
| Código de lengua del texto/banda sonora o título independiente | Español |
| 082 ## - NÚMERO DE LA CLASIFICACIÓN DECIMAL DEWEY | |
| Número de clasificación | MA-ES 0032 FH 2005 |
| 245 #0 - MENCIÓN DEL TÍTULO | |
| Título | Conocimiento sobre la sexualidad y el embarazo que manejan las adolescentes embarazadas que asisten al Instituto Profesional de Educación Especial y Psicoterapia de la ciudad de Santiago. Año 2004. |
| 260 ## - PUBLICACIÓN, DISTRIBUCIÓN, ETC. | |
| Lugar de publicación, distribución, etc. | Santiago |
| 300 ## - DESCRIPCIÓN FÍSICA | |
| Extensión | 127 |
| 520 ## - RESUMEN, ETC. | |
| Sumario, etc. | 33 |
| 520 ## - RESUMEN, ETC. | |
| Sumario, etc. | La presente investigación ha sido realizada en el Instituto Profesional de Educación Especial y Psicoterapia de la Ciudad de Santiago de los Caballeros. Dicha Institución trabaja desde el año 1989 con jóvenes adolescentes en la prevención de infecciones de transmisión sexual, apoyo emocional durante el embarazo y programas generales de salud sexual. En tal caso es de vital importación el nivel de conocimiento que manejan las adolescentes que asisten al Centro acerca de la sexualidad y el embarazo.Entre los principales hallazgos de esta investigación se encontró que el 100% de las encuestadas tienen conocimientos de las partes que forman parte del aparato reproductor femenino. En tanto, un 57% un porcentaje bastante significativo, mostró desconocimiento acerca del proceso de fecundación, mientras las medidas de prevención utilizadas por las adolescentes son variadas, teniendo un porcentaje mayor que el 52% el uso del condón. Con relación al riesgo de embarazo un 72% dice no estar contentas con su estado.Dentro de las consecuencias del embarazo en las adolescentes se destaca el riesgo de salud, la vida misma, tanto para la madre, como para la criatura o ambos.En base a estas informaciones, se recomienda ofrecer charlas como talleres, seminarios, etc., donde se involucren todos los elementos que puedan intervenir en la educación de las adolescentes.Nota: Esta investigación se encuentra en el Centro Universitario Regional de Santiago, CURSA. Signatura Topográfica CURSA -T- 000303 |
| 630 ## - PUNTO DE ACCESO ADICIONAL DE MATERIA--TÍTULO UNIFORME | |
| Título uniforme | Educación Especial |
| 630 ## - PUNTO DE ACCESO ADICIONAL DE MATERIA--TÍTULO UNIFORME | |
| Título uniforme | Embarazo en la Adolescencia |
| 650 ## - PUNTO DE ACCESO ADICIONAL DE MATERIA--TÉRMINO DE MATERIA | |
| Término de materia o nombre geográfico como elemento de entrada | Orientación |
| 690 ## - PUNTO DE ACCESO ADICIONAL DE MATERIA LOCAL--TÉRMINO DE MATERIA (OCLC, RLIN) | |
| Término de materia o nombre geográfico como elemento inicial | Sintetizado |
| 700 ## - ENTRADA AGREGADA--NOMBRE PERSONAL | |
| Término indicativo de función/relación | asesor |
| Nombre de persona | Ãvila, Casilda |
| 700 ## - ENTRADA AGREGADA--NOMBRE PERSONAL | |
| Término indicativo de función/relación | autor |
| Nombre de persona | Núñez, Teodora |
| 901 ## - ELEMENTOS DE DATOS A LOCAL LDA (RLIN) | |
| a | {"1":"Núñez"} |
| b | {"1":"Teodora"} |
| 902 ## - ELEMENTOS DE DATOS B LOCAL, LDB (RLIN) | |
| a | 1 |
| 903 ## - ELEMENTOS DE DATOS C LOCAL, LDC (RLIN) | |
| a | {"1":"Ãvila"} |
| b | {"1":"Casilda"} |
| 904 ## - ELEMENTOS DE DATOS D LOCAL, LDD (RLIN) | |
| a | Maestría en |
| 905 ## - ELEMENTOS DE DATOS E LOCAL, LDE (RLIN) | |
| a | Enseñanza Superior |
| 906 ## - ELEMENTOS DE DATOS F LOCAL, LDF (RLIN) | |
| a | 2 |
| 907 ## - ELEMENTOS DE DATOS G LOCAL, LDG (RLIN) | |
| a | NO APLICA |
| 908 ## - COLOCAR PARÁMETRO DE COMANDO (RLIN) | |
| Colocar parámetro de comando | NO APLICA |
| 909 ## - | |
| -- | Universidad Autónoma de Santo Domingo (UASD) |
| 910 ## - DATOS DE OPCIÓN DEL USUARIO (OCLC) | |
| Datos de opción del usuario | NULL |
| -- | NULL |
| 911 ## - EQUIVALENCIA O REFERENCIA-CRUZADA-NOMBRE DE CONFERENCIA O REUNIÓN/CONGRESO [LOCAL, CANADÁ] | |
| Nombre de congreso/reunión o jurisdicción como elemento de entrada | ["1"] |
| 912 ## - | |
| -- | NO APLICA |
| 913 ## - | |
| -- | NULL |
| 914 ## - | |
| -- | 03 de Octubre de 2005 |
| 915 ## - | |
| -- | 21/11/19 04:11 |
| 916 ## - | |
| -- | NULL |
| 917 ## - | |
| -- | NULL |
| 918 ## - | |
| -- | NO APLICA |
| 919 ## - | |
| -- | ["76","87"] |
| 921 ## - | |
| -- | 16 |
| 922 ## - | |
| -- | 16 |
| 923 ## - | |
| -- | 0 |
| 924 ## - | |
| -- | NO APLICA |
| 942 ## - ELEMENTOS DE ENTRADA SECUNDARIOS (KOHA) | |
| Tipo de ítem Koha | |
No items available.